000 00206 a2200097 4500
001 47528
100 _aBombard
245 _aThe bombard story
260 _aLondon
_bAndre deutsch
_c
090 _c30547
_d30547
942 _aNUST-CAE
_cM
_c22833
999 _c282601
_d282601